书目信息 |
| 题名: |
分子标记辅助选择导论
|
|
| 作者: | 崔世友 , 孙明法 编著 | |
| 分册: | ||
| 出版信息: | 北京 中国农业科学技术出版社 2014 |
|
| 页数: | 168页 | |
| 开本: | 26cm | |
| 丛书名: | ||
| 单 册: | ||
| 中图分类: | Q-33 , S33 | |
| 科图分类: | ||
| 主题词: | 分子标记--应用--作物育种 , 分子标记 , 作物育种 | |
| 电子资源: | ||
| ISBN: | 978-7-5116-1732-3 | |
| 000 | 00853nam0 2200277 450 | |
| 001 | 012015000063 | |
| 005 | 20150914155456.82 | |
| 010 | @a978-7-5116-1732-3@dCNY39.00 | |
| 100 | @a20141015d2014 em y0chiy50 ea | |
| 101 | 0 | @achi |
| 102 | @aCN@b110000 | |
| 105 | @ay z 000yy | |
| 106 | @ar | |
| 200 | 1 | @a分子标记辅助选择导论@Afen zi biao ji fu zhu xuan ze dao lun@f崔世友,孙明法编著 |
| 210 | @a北京@c中国农业科学技术出版社@d2014 | |
| 215 | @a168页@d26cm | |
| 330 | @a本书内容包括:遗传标记、连锁图谱的构建、质量性状的分子标记、数量性状的分子标记、关联作图等。 | |
| 606 | 0 | @a分子标记@x应用@x作物育种 |
| 606 | 0 | @a分子标记 |
| 606 | 0 | @a作物育种 |
| 690 | @aQ-33@v5 | |
| 690 | @aS33@v5 | |
| 701 | 0 | @a崔世友@Acui shi you@4编著 |
| 701 | 0 | @a孙明法@Asun ming fa@4编著 |
| 801 | 0 | @aCN@b碧洲教育@c20150716 |
| 905 | @a10447@f4@dQ-33@e69 | |
| 分子标记辅助选择导论/崔世友,孙明法编著.-北京:中国农业科学技术出版社,2014 |
| 168页;26cm |
| ISBN 978-7-5116-1732-3:CNY39.00 |
| 本书内容包括:遗传标记、连锁图谱的构建、质量性状的分子标记、数量性状的分子标记、关联作图等。 |
| ● |
| 相关链接 |
|
|
|
|
正题名:分子标记辅助选择导论
索取号:Q-33/69
 
预约/预借
| 序号 | 登录号 | 条形码 | 馆藏地/架位号 | 状态 | 备注 |
| 1 | 0870753 | 208707531 | 第二样本阅览室/ [索取号:Q-33/69] | 在馆 | |
| 2 | 0870754 | 208707540 | 第三借阅区/ [索取号:Q-33/69] | 在馆 | |
| 3 | 0870755 | 208707559 | 第三借阅区/ [索取号:Q-33/69] | 在馆 | |
| 4 | 0870756 | 208707568 | 第三借阅区/ [索取号:Q-33/69] | 在馆 |